| 000 | 01361nam0a2200337 4500 | ||
|---|---|---|---|
| 001 | RU\NLR\PR\ONL\13838375 | ||
| 005 | 20260614224737.0 | ||
| 010 | _91000 | ||
| 035 | _a(NLR Aleph) 022831274 | ||
| 090 |
_a13730939 _c13730939 |
||
| 100 | _a20260609d1972 m y0rusy50 ba | ||
| 101 | 0 | _alit | |
| 102 | _aLT | ||
| 105 | _aa b 000yy | ||
| 181 | 0 |
_ai _b xxe |
|
| 182 | 0 | _an | |
| 200 | 1 |
_aKonkurso "Liaudies menas 71" parodos katalogas _fLietuvos TSR liaudies meno rūmai, Lietuvos TSR liaudies meno draugija _gkatalogą sudarė: A. Grubevičius, M. Kriukelienė |
|
| 203 |
_aТекст _bвизуальный _cнепосредственный |
||
| 210 |
_aVilnius _cLietuvos TSR liaudies meno rūmai _d1972 |
||
| 215 |
_a35,[3]с.,[23] л. ил. _d14 |
||
| 300 | _aЗагл. обл.: Konkurso "Liaudies menas 71" paroda | ||
| 512 | 1 |
_aKonkurso "Liaudies menas 71" paroda _zlit |
|
| 541 | 1 |
_a[Каталог выставки конкурса "Народное искусство 71"] _zrus _7ca |
|
| 606 | 1 |
_aНародное изобразительное искусство литовское _2nlr_sh2 _3RU\NLR\AUTH\6601590446 |
|
| 686 | 1 | _aЩ103(2Ли)0 | |
| 702 | 1 |
_aGrubevičius _bA. _gAlgirdas _4220 |
|
| 801 | 0 |
_aRU _bNLR |
|
| 942 | _cBOOK | ||
| 945 | _aРоссийская национальная библиотека | ||
| 980 | _aNB | ||